Fundamentals and Applications of Biosensors/ (Record no. 755257)
[ view plain ]
| 000 -LEADER | |
|---|---|
| fixed length control field | 00380nam a2200133 4500 |
| 020 ## - INTERNATIONAL STANDARD BOOK NUMBER | |
| ISBN | 9781647404987 |
| 082 ## - DEWEY DECIMAL CLASSIFICATION NUMBER | |
| Classification number | 610.28 KEL |
| 084 ## - OTHER CLASSIFICATION NUMBER | |
| Source of Number | Colon Classification |
| 100 ## - MAIN ENTRY--AUTHOR NAME | |
| Personal name | Keller, Michael |
| 245 ## - TITLE STATEMENT | |
| Title | Fundamentals and Applications of Biosensors/ |
| Statement of responsibility, etc | Michael Keller |
| 260 ## - PUBLICATION, DISTRIBUTION, ETC. (IMPRINT) | |
| Place of publication | New York: |
| Name of publisher | Syrawood Publishing House; |
| Year of publication | 2025. |
| 942 ## - ADDED ENTRY ELEMENTS (KOHA) | |
| Source of classification or shelving scheme | Dewey Decimal Classification |
| Koha item type | Book |
| Withdrawn status | Lost status | Source of classification or shelving scheme | Damaged status | Not for loan | Home Library | Current Location | Date acquired | Full call number | Accession Number | Price effective from | Koha item type |
|---|---|---|---|---|---|---|---|---|---|---|---|
| Dewey Decimal Classification | Dept. of Bio-Technology | Dept. of Bio-Technology | 05/05/2026 | 610.28 KEL | BTY3652 | 19/01/2026 | Book |
